Guess the singer - Statistics

General Stats
  • This quiz has been taken 212 times
  • The average score is 11 of 16
Answer Stats
Picture Hint Answer % Correct
Singer of 'Baby' Justin Bieber
97%
Singer of 'Blank Space' Taylor Swift
94%
Singer of '7 Rings' Ariana Grande
93%
Singer of 'Roar' Katy Perry
92%
Singer of 'Hello' Adele
88%
Singer of 'Who Says' Selena Gomez
82%
Singer of 'Hotline bling' Drake
80%
Singer of 'Barbie dreams' Nicki Minaj
74%
Singer of 'Can't stop the feeling' Justin Timberlake
67%
Singer of 'Born this way' Lady Gaga
62%
Singer of 'Papi' Jennifer Lopez
61%
Singer of 'Cheap Thrills' Sia
61%
Singer of 'Song Cry' Jay-Z
50%
Singer of 'My boo' Usher
50%
Singer of 'I fell in love with the devil' Avril Lavigne
39%
Singer of 'Summer of '69' Bryan Adams
22%
No matching quizzes found
Score Distribution
Percent of People with Each Score
Percentile by Number Answered
Your Score History
You have not taken this quiz